000 00469nam a2200181Ia 4500
005 20250326124426.0
008 250326s9999 xx 000 0 und d
037 _aTextbook
040 _aFMSL
_beng
_cFMSL
041 _aeng
_2eng
084 _aX:8 K1
_qFMSL
100 _aMacmahon A W
_9702670
245 0 _aDelegation and autonomy
_cMacmahon A W
260 _aNY
_bNY, Asia
_c1961
300 _a176p
942 _cTB
_hX:8 K1
999 _c1273658
_d1273658